[Event "BL2-Nord 9900"]
[Site "Germany"]
[Date "2000.03.26"]
[Round "8.3"]
[White "Muse, Mladen"]
[Black "Bangiev, Alexander J"]
[Result "1/2-1/2"]
[WhiteElo "2470"]
[BlackElo "2400"]
[Annotator "Bangiev,A"]
[PlyCount "24"]
[EventDate "1999.10.10"]
[EventType "team-tourn"]
[EventRounds "9"]
[EventCountry "GER"]
[SourceTitle "CBM 075 Extra"]
[Source "ChessBase"]
[SourceDate "2000.05.11"]
[SourceVersion "2"]
[SourceVersionDate "2000.05.11"]
[SourceQuality "1"]
[WhiteTeam "Zehlendorf"]
[BlackTeam "Isernhagen"]
[WhiteTeamCountry "GER"]
[BlackTeamCountry "GER"]

1. d4 g6 2. e4 c5 3. dxc5 Qa5+ 4. Nc3 Nf6 {Eine seltene Variante. In meiner
Datenbank habe ich nur eine Partie gefunden.} 5. a3 $5 {[%mdl 8] /\b4} (5. e5
$5 Ne4 6. Qd4 Nxc3 (6... Nxc5 $5 7. e6 f6) 7. Bd2 Nb5 8. Qc4 Qc7 9. Qxb5 Bg7
10. f4 Nc6 11. Nf3 $16 {1-0 Miles,A-Jukic,Z/Pula 1994/(63)}) (5. Bd2 Qxc5 $132)
(5. Be3 Nxe4 6. Bd4 (6. Qd4 Nf6) 6... f6 $13) 5... Nc6 $5 (5... Nxe4 $2 6. b4
Nxc3 7. Qd4 $18) (5... Qxc5 6. Be3 Qa5 7. b4 Qd8 8. e5 $16) 6. b4 $5 (6. Bd3
Qxc5 7. Be3 Qa5 8. b4 Qc7 $132) (6. Be3 $5 Nxe4 7. Bd4 $13) 6... Nxb4 {[%mdl
512]} 7. Bd2 (7. e5 $2 Qxc5 $17) 7... Nc6 (7... Na6 $6 8. e5 $1 Ng8 (8... Nh5
9. Ne4) 9. Ne4 Qc7 (9... Qa4 10. Bd3 Bg7 11. Nf3) 10. Bxa6 bxa6 11. Bc3 Bg7 12.
Nf3 Bb7 13. Qe2 Qc6 14. Nfd2 $13) 8. Nb5 $1 (8. Nd5 $6 Qxc5 $1 9. Nc7+ Kd8 10.
Nxa8 Nxe4 $40 11. Be3 $8 Qa5+ 12. c3 Qxc3+ 13. Ke2 Qb2+ 14. Ke1 (14. Kf3 Qf6+
$19) 14... Bg7 15. Rc1 Bc3+ 16. Rxc3 Qxc3+ 17. Ke2 Qxa3 $17) 8... Qd8 9. Bd3 (
9. Bf4 $6 e5 $1 (9... Qa5+ 10. Qd2 Qxd2+ 11. Kxd2 $14) 10. Bg5 (10. Be3 Nxe4
$17) 10... Bxc5 11. Qf3 Be7 12. Rd1 O-O $15) 9... Bg7 (9... a6 $6 10. Nc3 Bg7
11. f4 $1 (11. Na4 d5 $5) (11. Nf3 O-O 12. O-O d6 13. cxd6 Qxd6 $15) 11... O-O
12. Nf3 $36) 10. Bf4 $5 (10. Nf3 O-O 11. O-O a6 12. Nc3 d6 13. cxd6 Qxd6 $15) (
10. f4 O-O 11. Nf3 b6 $132) 10... Qa5+ (10... O-O 11. Bc7 Qe8 12. Bg3 Qd8 13.
Bc7 Qe8 $11) (10... e5 $2 11. Nd6+ Kf8 12. Be3 $14) 11. Bd2 (11. Kf1 O-O) 11...
Qd8 12. Bf4 Qa5+ 1/2-1/2

[Event "Montreal 2nd"]
[Site "Montreal"]
[Date "2001.08.13"]
[Round "11"]
[White "Zugic, Igor"]
[Black "Krush, Irina"]
[Result "1-0"]
[WhiteElo "2440"]
[BlackElo "2421"]
[Annotator "Bangiev,A"]
[PlyCount "75"]
[EventDate "2001.08.02"]
[EventType "tourn"]
[EventRounds "11"]
[EventCountry "CAN"]
[EventCategory "9"]
[SourceTitle "CBM 085"]
[Source "ChessBase"]
[SourceDate "2001.11.13"]
[SourceVersion "1"]
[SourceVersionDate "2001.11.13"]
[SourceQuality "1"]

1. e4 c5 2. f4 d5 3. exd5 Qxd5 4. Nc3 Qd8 5. Nf3 Nc6 6. Bb5 Bd7 7. Qe2 (7. O-O
e6 8. d3 Nf6 9. Bxc6 Bxc6 10. Ne5 Rc8 11. Nxc6 Rxc6 12. Qe2 Be7 13. Bd2 O-O 14.
Kh1 Qd7 15. Rae1 Rd8 16. Bc1 a6 17. a4 Nd5 18. Nxd5 Qxd5 $15 {0-1 Stoecklin,
C-Raetsky,A/Biel 2000/(41)}) 7... Nd4 (7... e6 8. f5 $5) (7... Nf6 8. d3 e6 9.
f5 Be7 10. fxe6 Bxe6 11. Bxc6+ bxc6 12. O-O O-O 13. b3 Bg4 14. Bb2 Nd5 15. Ne4
f5 16. Ned2 f4 17. Nc4 {1-0 Erenska,H-Ries,B/Bad Woerishofen 2000/(38)}) 8.
Nxd4 cxd4 9. Ne4 {/\Nd6 Matt !!} Bxb5 (9... e6 10. f5 $5) 10. Qxb5+ Qd7 11.
Qxd7+ Kxd7 $11 {[%mdl 4096] Es ist interessant anzumerken, daß diese Stellung
noch nicht in einer Partie getestet wurde.} 12. c4 $1 {Weiß will keine
Bauernschwäche auf c2.} (12. d3 Rc8 $15) 12... dxc3 (12... Rc8 13. b3 $5 Nf6 (
13... e6 14. Bb2 $14) 14. Ng5 Ke8 15. Nf3 {mit Belagerung des Pd4.}) 13. dxc3
Nf6 14. Nxf6+ gxf6 (14... exf6 $143 15. Be3 {Weiß hatte nun einfach einen
Mehrbauern am Damenflügel.}) 15. Be3 $14 e5 $6 {Die entstehende schwarze
Bauernformation ist kaum empfehlenswert. Man beachte der Bauernschwäche auf f6
und f7.} (15... e6 $142 16. Rd1+ Kc6 17. Kf2 (17. O-O f5 18. Rd3 Be7 19. Rfd1
Rhd8 20. Bd4 h5) 17... Be7 18. Rhe1 f5 19. Bd4 Rhg8 20. Rd3 h5 $132) 16. O-O $1
$36 Bh6 $6 (16... Bd6 17. Rad1 Kc6 18. fxe5 Bxe5 $14) (16... Ke6 17. f5+ Kd7
18. Rad1+ Kc6 19. Rd3 Be7 20. Rfd1 Rhd8 21. Rxd8 Bxd8 22. Kf2 Bc7 23. g4 $16)
17. Rf3 $1 {/\Rh3} Rhe8 18. Rd1+ Kc6 19. Kf2 Re7 20. Rh3 Bxf4 21. Bxf4 exf4 22.
Rxh7 $16 Rg8 23. Rh4 Rge8 24. Rxf4 (24. Rd2 Re4) 24... Re2+ 25. Kf1 Rxb2 26.
Rxf6+ Kc5 27. Rf2 (27. Rxf7 $6 Ree2 $132) 27... Rxf2+ 28. Kxf2 Re7 (28... Kc4
29. Rd7 b5 30. Rxf7 $18) 29. Rd4 b5 30. h4 Re6 31. Rf4 Ra6 32. Rxf7 Rxa2+ 33.
Kg1 $1 $18 a5 34. h5 a4 35. h6 Re2 36. h7 Re8 37. g4 a3 38. g5 1-0

[Event "EU-ch 4th"]
[Site "Istanbul"]
[Date "2003.06.02"]
[Round "4"]
[White "Minasian, Artashes"]
[Black "Sutovsky, Emil"]
[Result "1/2-1/2"]
[WhiteElo "2555"]
[BlackElo "2652"]
[Annotator "Bangiev,A"]
[PlyCount "105"]
[EventDate "2003.05.30"]
[EventType "swiss"]
[EventRounds "13"]
[EventCountry "TUR"]
[SourceTitle "CBM 096"]
[Source "ChessBase"]
[SourceDate "2003.09.25"]
[SourceVersion "1"]
[SourceVersionDate "2003.09.25"]
[SourceQuality "1"]

1. e4 c5 2. f4 e6 3. Nf3 d5 4. Bb5+ Nd7 {Eine seltene Fortsetzung.} (4... Bd7 {
Dies stellt die weiße Hauptvariante dar}) 5. e5 {Weiß beabsichtigt damit die
Verstärkung seiner Bauernstruktur auf den Feldern c3, d4, e5, f4, g3.} (5. exd5
exd5 6. O-O Bd6 (6... Ngf6 7. Qe1+ Be7 8. Nc3 O-O 9. d3 Re8 {1/2-1/2 Hoareau,
P-Hassan,A/Yerevan 1996/(17)}) 7. Qe1+ Ne7 8. Ne5 O-O 9. Bxd7 Bxd7 10. Nxd7
Qxd7 11. d3 Rfe8 {0-1 Pedersen,B-Jensen,V/Aarhus 1972/(32)}) 5... a6 6. Bxd7+
Bxd7 7. d4 Nh6 (7... cxd4 8. Nxd4 Qh4+ 9. g3 Qh3 $5) 8. Be3 (8. c3 Nf5 {
mit starkem Druck auf Pd4. Man beachte, dass Nf5 z.B. Be3 verhindert und nur
schwer zu vertreiben ist.}) 8... Nf5 9. Bf2 Qb6 $1 {Ein starker Zug, er zwingt
Weiß die Bauerstruktur zu schwächen.} 10. b3 Rc8 11. c3 cxd4 12. Nxd4 Nxd4 13.
Bxd4 Bc5 $1 {Der Nachziehende verstärkt Zug für Zug den Druck auf die Felder
c3 und d4.} 14. O-O O-O 15. a4 {/\Na3 -> Nc2; /\a5 gefolgt von b4} Bxd4+ $1 16.
cxd4 (16. Qxd4 Qxb3 $17) 16... Rc2 {Natürlich hatte Sutovsky seine Gründe
diesen Zug gegenüber 16...Rc1 zu befürworten.} (16... Rc1 $1 {Dies soll
verglichen mit dem Partiezug vor allem ein Tempo gewinnen.} 17. Qd3 (17. Qxc1
Qxd4+ 18. Kh1 Qxa1 19. Nd2 Qa2 $19) 17... Rfc8 18. Qe3 Qb4 $17 {z.B.} 19. Ra2 (
19. h3 Rxf1+ 20. Kxf1 Rc2) 19... Rxf1+ 20. Kxf1 Rc4) 17. Na3 $1 Rc3 (17... Rb2
18. Rb1 Ra2 19. Nc2) 18. Rb1 Rfc8 19. Qd2 Qb4 20. Nc2 Qb6 21. Na3 R3c6 22. Rb2
Qc7 {[%mdl 32] Es ist eine durchaus interessante Stellung entstanden: Schwarz
besitzt die offene c-Linie und dadurch eine starke Initiative. Die weiße
Stellung bleibt jedoch stabil und dem Schwarz es ist nicht gelungen, seine
Beherrschung über die c-Linie in einen anderen Vorteil zu verwandeln.} 23. h3
Qd8 24. Nc2 Qh4 25. Kh2 Rc3 26. Ne3 b5 27. Rf3 Qd8 28. Rg3 Kh8 29. Qe2 Qh4 30.
Rg4 Qe7 31. Rg3 Qa3 32. Qd2 Qa1 33. Ra2 Qb1 34. Rb2 Qe4 35. axb5 Rd3 (35...
Bxb5 36. Nf5 Rxg3 37. Nxg3) (35... axb5 $6 36. Nf5 Rxg3 37. Nxg3) 36. Qf2 axb5
37. Nc2 Rxg3 38. Kxg3 Qd3+ 39. Kh2 Qc3 40. Ne1 b4 $6 {Ein Fehler nach langem
Kampf in einer besseren Stellung. Schwarz verliert nun die Initiative an Weiß.}
(40... Kg8 $142 $15) 41. Rc2 $1 Qxb3 42. Rxc8+ Bxc8 43. Qh4 $1 h6 44. Qd8+ Kh7
45. Qxc8 {Nun muss Schwarz ums Remis kämpfen. Dies gelingt dank des starken
b-Bauern mühelos.} Qc4 46. Qb7 b3 47. Nf3 Qc2 48. Qxf7 b2 49. f5 b1=Q 50. Qg6+
Kh8 51. Qe8+ Kh7 52. Ng5+ hxg5 53. Qg6+ 1/2-1/2

[Event "Biel Credis"]
[Site "Biel"]
[Date "1996.??.??"]
[Round "3"]
[White "Rogers, Ian"]
[Black "Peptan, Corina Isabela"]
[Result "1-0"]
[WhiteElo "2575"]
[BlackElo "2395"]
[Annotator "Bangiev,A"]
[PlyCount "53"]
[EventDate "1996.07.22"]
[EventType "tourn"]
[EventRounds "11"]
[EventCountry "SUI"]
[EventCategory "10"]
[SourceTitle "CBM 055"]
[Source "ChessBase"]
[SourceDate "1996.12.01"]
[SourceVersion "1"]
[SourceVersionDate "1996.12.01"]
[SourceQuality "1"]

1. e4 c5 2. f4 Nf6 3. d3 d6 4. Nf3 Nc6 5. Be2 g6 6. O-O Bg7 7. Qe1 c4 $6 {
Ein Sprengungszug. Schwarz versucht das weiße Bauernzentrum zu schwächen.
Dabei verliert Schwarz jedoch Zeit und die Kontrolle über den Punkt d4.} (7...
Rb8 $142 8. Kh1 b5 $132) 8. Kh1 O-O 9. Nc3 cxd3 (9... Nb4 $5 10. Qd1 cxd3 11.
cxd3 Nc6 $13) 10. Bxd3 a6 {Diese Stellung ist charakteristisch für die
Drachen-Variante der Sizilianischen Verteidigung und den Dreibauernangriff der
Pirc-Verteidigung.} (10... Nb4 $5 11. Qh4 Nxd3 12. cxd3 e6 13. Be3 b6 $13) 11.
Qh4 {Ein typischer Plan. Weiß ist bestrebt, mittels f4-f5, Bc1-h6 und Nf3-g5
einen Angriff am Königsflügel durchzusetzen.} Bg4 {Mit diesem Zug wird der
gefahrliche Springer f3 abgetauscht.} 12. Bd2 Qd7 $6 {Ein harmloser Zug. Die
schwarze Dame auf d7 steht unglücklich.} (12... Rc8 $142 13. f5 Bxf3 14. Rxf3
Ne5 15. Rh3 h5 $13) 13. f5 Bxf3 (13... gxf5 14. Bh6 Bxh6 15. Qxh6 $40) 14. Rxf3
Ne5 15. Rh3 $40 {/\16.Nd5; 16.Bg5. Weiß steht deutlich aktiver.} h5 $5 16. Rf1
Rac8 17. Bf4 $5 {[%csl Yg6]} Rc5 (17... Neg4 18. fxg6 fxg6 19. Rg3 $5 {[%csl
Yg6] /\20.h3} (19. Qg5 e5 20. Bd2 Qe8)) 18. Rg3 (18. Bxe5 $6 Rxe5 19. fxg6 fxg6
20. Rg3 Kh7) 18... Kh7 19. h3 {[%csl Rg6]} e6 $6 {[%csl Yf6]} (19... b5 20. a3
(20. Bxe5 Rxe5 21. Rg5 b4) (20. Qg5 Qe8) 20... Rfc8 21. Be3 R5c7 22. Bd4 $36)
20. Be3 Rcc8 21. Bg5 $5 Ng8 (21... Ne8 22. Be2 $5) 22. Be2 Bh6 (22... b5 $5 23.
f6 (23. Bxh5 gxh5 24. Qxh5+ (24. f6 Ng6 25. Qxh5+ Bh6 $17) 24... Bh6 25. Bf6)
23... Bh6 24. Bxh6 (24. Bxh5 b4 $1 (24... gxh5 25. Bxh6 Ng6 26. Rxg6 $16))
24... Nxh6 25. Bxh5 b4 $1) 23. f6 Rc5 (23... b5 $5 24. Bxh5 $140 b4 $1) 24.
Bxh5 $1 $16 gxh5 $6 (24... b5 25. Bd1 $16) 25. Bxh6 $18 Rfc8 (25... Nxh6 26.
Rg7+ Kh8 27. Qxh5 Neg4 28. Qh4 $18) 26. Rg7+ Kh8 27. Bg5 1-0

[Event "RUS-ch"]
[Site "Elista"]
[Date "1994.??.??"]
[Round "2"]
[White "Sveshnikov, Evgeny"]
[Black "Tunik, Gennady"]
[Result "1/2-1/2"]
[WhiteElo "2585"]
[BlackElo "2450"]
[Annotator "Bangiev,A"]
[PlyCount "66"]
[EventDate "1994.09.??"]
[EventType "swiss"]
[EventRounds "11"]
[EventCountry "RUS"]
[SourceTitle "CBM 044"]
[Source "ChessBase"]
[SourceDate "1995.02.01"]
[SourceVersion "1"]
[SourceVersionDate "1995.02.01"]
[SourceQuality "1"]

1. e4 {Glatman} c5 2. f4 Nc6 (2... e6 {Glatman} 3. Nf3 Nf6 4. d3 Nc6 5. g3 d5
6. e5 Nd7 7. Bg2 Be7 8. O-O b5 9. c4 $14 {Kiselev,S-Ulibin,M/St-Peterburg/1993/
0,5/41/}) (2... d5 {Glatman} 3. exd5 (3. Nc3 dxe4 4. Nxe4 e6 5. Nf3 Nc6 6. Bb5
Bd7 7. Qe2 Nh6 $1 $10 {Yudasin,L-Ulibin,M/Las Palmas/1993/0,5/74/}) 3... Qxd5
4. Nc3 Qd6 5. Nf3 Nf6 6. d4 e6 7. Be3 Ng4 8. Qe2 $1 $16 {Sveshnikov,E-Sax,G/
JUG/1994/1:0/24/}) 3. Nf3 g6 4. c3 (4. Bb5 {Glatman} Bg7 5. Bxc6 dxc6 6. d3 Nf6
7. Nc3 O-O 8. O-O Ne8 9. Qe1 Nc7 10. Qh4 $16 {Sikora,J-Spasov,L/Skara/1980/}) (
4. Be2 {Glatman} Bg7 5. O-O d5 6. d3 e6 7. c3 Nge7 8. Be3 b6 9. Nbd2 O-O $10 {
Sikora,J-Smejkal,J/CSR/1979/}) 4... d5 5. e5 (5. d3 {Glatman} dxe4 6. dxe4
Qxd1+ 7. Kxd1 Bg4 8. Nbd2 O-O-O 9. Kc2 $14) 5... Bg4 6. h3 (6. Be2 e6 7. d3 (7.
h3 {Glatman} Bxf3 8. Bxf3 h5 9. g3 Nge7 $10) 7... h5 $10) (6. Na3 $5 e6 (6...
f6 7. d4 cxd4 8. cxd4 $14) 7. Nc2 h5 8. b3 Nh6 9. Bd3 Nf5 10. Qe2 h4 (10... Bh6
11. g3 h4 12. Qf2 $13) 11. Bb2 Bh6 12. Ne3 $5 $13) 6... Bxf3 7. Qxf3 e6 8. g3 (
8. d3 h5 $10) (8. Be2 {Glatman} h5 9. g3 Nge7 10. O-O Nf5 $15) 8... h5 9. Bg2
h4 $5 (9... Nh6 10. O-O Qc7 11. d3 Nf5 12. Na3 $13) (9... Nge7 {Glatman} 10.
O-O Nf5 $10) 10. g4 g5 $5 {-> e5} 11. O-O (11. fxg5 Nxe5 $17) 11... gxf4 (11...
Qc7 12. d4 cxd4 13. cxd4 Nxd4 14. Nc3) 12. Qxf4 Qc7 (12... Rh7 $5 {/\ Ne7-g6}
13. d4 Nge7 14. Nd2 Ng6 15. Qf2 cxd4 16. cxd4 Rc8 17. Nf3 $14) 13. d4 (13. Re1
{Glatman} f6 14. d4 fxe5 15. dxe5 Bg7 $17) 13... cxd4 14. cxd4 Nxd4 $5 (14...
Bh6 $6 15. g5) 15. Nc3 (15. Qxd4 $2 Bc5) 15... a6 (15... Nc6 $6 16. Nb5 Qd7 (
16... Qb6+ 17. Be3 $18) 17. Bxd5 $1 exd5 $6 18. e6 $18) 16. Be3 Nc6 {-> e5 /\
Ne5} 17. Bxd5 $5 (17. Kh1 $5 {/\ Bb6} Nxe5 (17... Bh6 18. g5 Bg7 19. Bb6 Qd7
20. Rae1 $16) (17... Bg7 18. Bb6 Qd7 19. Rae1) 18. Bb6 (18. Nxd5 exd5 19. Bb6
Qe7 (19... Qxb6 20. Qxe5+ Qe6 21. Qxh8 $16) 20. Rae1 Bg7 21. Bxd5 f6 22. Qa4+
$44) 18... Qxb6 19. Qxe5 f6 20. Nxd5 fxe5 21. Nxb6 Rh7 22. Be4 $16) 17... Bg7
$1 (17... exd5 18. Nxd5 $16 (18. Nxd5 {Glatman} Qd7 19. Nb6 Qc7 20. Nxa8 $18))
(17... Nxe5 {Glatman} 18. Bxe6 Bd6 19. Nd5 $18) 18. Bxc6+ bxc6 19. Bd4 Rd8 (
19... c5 {Glatman} 20. Ne4 $1 cxd4 21. Nd6+ Kd8 22. Nxf7+ $18) 20. Rae1 (20.
Na4 $5 {Glatman}) 20... c5 (20... Rd7 21. Ne4 $16 Rxd4 $6 22. Nd6+) 21. Bf2 Rd7
{/\ Ne7} (21... Ne7 $2 22. Bxh4 $1 Ng6 (22... Rxh4 {Glatman} 23. Qxf7+ Kd7 24.
Qxg7 $16) 23. Bxd8 $16) 22. Qa4 $6 (22. Na4 $5 Rd5 (22... c4 23. Nb6) 23. Bxc5
Bxe5 24. Rxe5 Rxe5 (24... Qxe5 25. Qxf7+ Kd8 26. Bb6+ $18) 25. Bd4 f6 26. Bxe5
(26. Rc1 $2 Re1+ $1) 26... Qxe5 27. Qxe5 fxe5 28. Re1 $16) (22. Bxh4 $2 Rxh4
23. Qg5 Rh7) (22. Qg5 Rh7 (22... Bf8 23. Ne4) 23. Bxh4 Ne7 $13) 22... Ne7 (
22... Bxe5 23. Rxe5 $5 (23. Ne4 $16 {Glatman}) 23... Qxe5 24. Ne4 $5 (24. Rd1
Qc7 25. Ne4 $13) 24... Kd8 $5 (24... Ne7 25. Bxc5 Nd5 26. Nd6+ Kd8 27. Qa5+ Nc7
(27... Rc7 28. Nxf7+ $18) 28. Nxf7+ Rxf7 29. Be7+ Rxe7 30. Qxe5 $16) 25. Nxc5 (
25. Bxc5 $5) 25... Rd5 26. Qc6 (26. Re1 $5 Qc7 $13) 26... Rxc5 27. Qxc5 (27.
Rd1+ $2 Rd5 28. Bb6+ Ke7 $17) (27. Qa8+ Ke7 (27... Rc8 28. Rd1+ $16) (27... Kc7
28. Qa7+ Kc6 29. Qxa6+ Kc7 30. Qa7+ Kc6 31. Qa8+ Kc7 32. Rd1 $5 Ne7 33. Qa7+)
28. Qa7+ Rc7 $17) 27... Qxc5 28. Bxc5 Ke8 29. Rf3 $14) 23. Rd1 (23. Ne4 $5 {
Glatman} Qc6 24. Qxc6 Nxc6 25. Nxc5 Rd5 (25... Rd2 26. Ne4 Rxb2 27. Nd6+ $16)
26. Nxa6 Rxe5 27. Rxe5 Bxe5 28. b4 $16) 23... Bxe5 24. Ne4 Qc6 25. Qxc6 Nxc6
26. Rxd7 (26. Bxc5 $32 {Glatman}) 26... Kxd7 27. Nxc5+ Ke7 28. Nxa6 Ra8 29. Nc5
Bxb2 (29... Rxa2 30. Bxh4+ Ke8 31. Nd3 $14) 30. Bxh4+ Ke8 31. Ne4 Be5 32. Nf6+
Bxf6 33. Bxf6 Rxa2 1/2-1/2

[Event "RUS-ch 53rd"]
[Site "Samara"]
[Date "2000.06.22"]
[Round "6"]
[White "Meister, Jakob"]
[Black "Voitsekhovsky, Stanislav"]
[Result "1-0"]
[WhiteElo "2473"]
[BlackElo "2546"]
[Annotator "Bangiev,A"]
[PlyCount "67"]
[EventDate "2000.06.03"]
[EventType "swiss"]
[EventRounds "11"]
[EventCountry "RUS"]
[SourceTitle "CBM 078"]
[Source "ChessBase"]
[SourceDate "2000.10.18"]
[SourceVersion "1"]
[SourceVersionDate "2000.10.18"]
[SourceQuality "1"]

1. e4 c5 2. Nc3 e6 3. f4 Nc6 4. Nf3 Nge7 {Mit dem Springer auf e7 hat der
Nachziehende zwei Möglichkeiten seinen Königsflügel zu entwickeln, nämlich den
typischen Plan mit g6, Bg7, 0-0 und den Vorstoß d5 mit der Idee den Bauern e4
abzutauschen, was dem Springer erlauben soll, auf dem Feld f5 bzw. d5 einen
guten Platz zu finden. Die Entwicklung des Königsflügel stellt dann kein
Problem dar.} 5. b3 $5 {Ein guter, allerdings seltener Zug.} d5 (5... g6 $6 {
Die Entwicklung des Läufers von f8 nach g7 würde eine schwarzfeldrige Schwäche
im Lager des Nachziehenden verursachen.} 6. Bb2 (6. e5 d5) 6... Bg7 7. e5 $1 {
[%cal Yb2e5,Yf4e5,Yf3e5] Nun wirken die weißen Figuren auf den Punkt e5 sehr
gut zusammen.} d5 (7... O-O 8. Ne4 $1 $16 {[%cal Ye4f6]}) 8. exd6 Nf5 (8...
Qxd6 $2 9. Nb5) 9. Bb5 $36) (5... Nd4 6. Bb2 Nec6 7. e5 b6 8. Ne4 Bb7 9. Bd3 d5
10. exd6 Bxd6 11. O-O Be7 12. Nxd4 Nxd4 13. Qh5 h6 14. Rae1 O-O 15. Re3 Qd5
$132 {1/2-1/2 Bujakevich,A-Fish,G/Yalta 1996/(41)}) 6. Bb2 dxe4 {[%mdl 8]} (
6... d4 7. Nb1 Ng6 8. g3 Be7 9. h4 $36) (6... Ng6 7. g3 (7. f5 $5) 7... dxe4 8.
Nxe4 Nd4 9. Nxd4 cxd4 10. Qe2 Ne7 11. O-O-O Nc6 12. Kb1 Be7 13. g4 O-O 14. h4
b6 15. g5 a5 16. Bg2 {0-1 Bujakevich,A-Brylev,I/Moscow 1996/(43)}) 7. Nxe4 Nf5
{Schwarz beabsichtigt damit, das wichtige Feld d4 zu kontrollieren bzw. zu
besetzen, und zugleich die Entwicklung des Königsflügels (nach etwa Be7 und
0-0) beenden zu können.} (7... Nd5 8. g3 {Wegen die Schwächung des Bauern auf
g7 hat Weiß die besseren Aussichten.}) 8. Bb5 $1 {[%cal Yb2e5,Yf3e5] Der Punkt
e5 ist der Schlüsselpunkt der weißen Eröffnungsstrategie.} Bd7 9. Qe2 {[%cal
Ye2e5]} Be7 10. O-O-O {Ein neuer Plan.} ({In ähnlichen Stellungen versucht der
Anziehende in der Regel durch den Abtausch auf c6 gefolgt von Ne5 und kurze
Rochade eine sichere Stellung zu erreichen, z.B.} 10. Bxc6 Bxc6 11. Ne5 Bxe4
12. Qxe4 Qd5 13. Qxd5 exd5 14. Kf2 $11) 10... Nfd4 (10... O-O 11. Bxc6 Bxc6 12.
Ne5 (12. g4 Nd4 13. Nxd4 cxd4 $36) 12... Nd4 13. Qe3 $11) 11. Nxd4 Nxd4 12.
Bxd7+ Qxd7 13. Qf2 {[%cal Yf4f5]} b6 {[%cal Gb6c5]} (13... a5 14. c3 {[%cal
Re4c5]}) 14. g4 {Der Angriff am Königsflügel soll die lange Rochade
rechtfertigen.} a5 {Schwarz startet dagegen einen Königsangriff am Damenflügel.
} 15. f5 $1 a4 16. Rde1 {Um das Schach Ne2 zu verhindern und den Druck auf e6
zu verstärken.} (16. f6 $5 {Dies sollte in Betracht kommen.} axb3 17. axb3 gxf6
(17... Bf8 18. fxg7 Bxg7 19. Nf6+ Bxf6 20. Qxf6) 18. Nxf6+ Bxf6 19. Qxf6 Rg8 (
19... Ne2+ 20. Kb1 Qa7 (20... Rg8 $2 21. Qf3) 21. Qxh8+ Kd7 22. Qxa8 Qxa8 23.
Rhf1 $16) 20. Rdf1 Qe7 21. Qh6 $13) 16... axb3 17. axb3 Ra5 $5 {/\Qa7} (17...
O-O 18. f6 $1) (17... Qd8 18. Rhf1 O-O 19. f6 Bxf6 20. Nxf6+ Qxf6 21. Qxf6 gxf6
22. Rxf6 $14) 18. f6 Bxf6 19. Nxf6+ gxf6 20. Qxf6 Rg8 21. Re4 $1 $36 Qe7 (21...
Qa7 $2 22. Bxd4 cxd4 23. Rxe6+ fxe6 24. Qxe6+ $18) 22. Qf4 Nc6 (22... Qa7 23.
Kb1 Ra2 24. Rf1 $16) 23. Rf1 Rg6 24. h4 Qa7 25. d3 (25. Kb1 $2 Nb4 $1 {/\Ra1!})
25... Nb4 (25... Qe7 26. h5 Rg8 27. Bf6 $16) 26. h5 Rg8 27. Kd2 $1 $16 (27. Qd6
Ra1+ 28. Bxa1 Qxa1+ 29. Kd2 Qxf1 30. Qb8+ Ke7 31. Qxg8 Qf2+ 32. Re2 Qf4+ 33.
Ke1 Nd5 $132) 27... Ra2 28. Qe5 Qd7 29. Kc1 Nc6 30. Qf4 Qe7 31. Kb1 $18 Ra7 32.
Qh6 Qg5 33. Qxh7 Rd7 (33... Nd4 $142) 34. Bf6 1-0

[Event "Bad Homburg"]
[Site "Bad Homburg"]
[Date "1998.07.17"]
[Round "1"]
[White "Larsen, Bent"]
[Black "Zhu, Chen"]
[Result "1-0"]
[WhiteElo "2515"]
[BlackElo "2490"]
[Annotator "Bangiev,A"]
[PlyCount "65"]
[EventDate "1998.07.17"]
[EventType "tourn"]
[EventRounds "9"]
[EventCountry "GER"]
[EventCategory "13"]
[SourceTitle "CBM 066"]
[Source "ChessBase"]
[SourceDate "1998.09.30"]
[SourceVersion "1"]
[SourceVersionDate "1998.09.30"]
[SourceQuality "1"]

1. e4 {Petursson Baburin} c5 2. f4 d5 3. Bb5+ $5 Bd7 4. Bxd7+ Qxd7 5. d3 e6 (
5... dxe4 6. dxe4 Qxd1+ 7. Kxd1 Nc6 8. Nf3 (8. c3 Nf6 9. Nd2 g6 10. Ke2 Bg7 11.
Kf3 O-O 12. Nb3 b6 13. Be3 Rfd8 14. Ne2 Rd7 15. Rad1 Rad8 16. Rxd7 Rxd7 17. h3
h5 $11 {Poethig,H-Hoensch,M/Herrenberg 1986/0-1 (46)}) 8... O-O-O+ 9. Ke2 Nf6
10. e5 Ne4 11. Nbd2 Nxd2 12. Bxd2 $14) 6. Nf3 Nc6 7. O-O $14 Nge7 (7... Nf6 $5
8. Ne5 $5 (8. Nc3 d4 9. Ne2 Be7 $11) (8. e5 Ng4 $13) 8... Qc7 9. Nxc6 Qxc6 10.
e5 Nd7 11. Nc3 Be7 12. Bd2 (12. Qg4 O-O 13. Bd2 f6 $1 14. exf6 Nxf6 15. Qh3 d4
$132) 12... O-O 13. Qh5 $5 {/\Rae1,Rf3-h3 ->}) 8. Na3 g6 9. Be3 Bg7 (9... b6
$142 10. e5) 10. Bxc5 (10. c3 b6 $11) 10... Bxb2 11. Rb1 Bg7 12. Nb5 $36 O-O
13. e5 b6 14. Bxe7 $5 (14. Bd6 Rfc8 $132) 14... Nxe7 (14... Qxe7 15. c3 $13)
15. Qe2 Nc6 16. c3 Rfc8 17. h4 {Baburin: This is very useful move - White
wants to create tension on the kingside by advancing his pawn to h5. Then the
pawn might threaten to advance further or it could be exchanged on g6, thus
weakening Black's pawn chain. In the game this plan worked well for Larsen,
who is known for his habit of pushing the h-pawn at the first suitable moment.
However, it has to be said that Black did not play well, as objectively his
chances must be rated higher here due to his more sound pawn structure.} Bf8
18. h5 a6 19. Nbd4 Nxd4 20. cxd4 Qa4 ({Baburin: Better was} 20... b5 {not
letting White's b1-rook become active.}) 21. Rxb6 Rc2 22. Qe1 Rxa2 23. Qg3 $40
{[%csl Ye6,Yg6]} Qa5 $4 (23... Bg7 $142) 24. hxg6 $1 hxg6 (24... Qxb6 25. gxh7+
Kxh7 26. Ng5+ Kg8 (26... Kg7 {Petursson} 27. Qh3 {and Black cannot stop mate!})
27. Ne4+ Bg7 28. Nf6+ Kf8 29. Nd7+ Kg8 30. Nxb6 $18) 25. Rxe6 $1 Rb8 (25...
fxe6 26. Qxg6+ Bg7 (26... Kh8 27. Ng5 Ra7 28. Rf3) 27. Ng5 Qd2 (27... Qb6 28.
Nxe6 Ra7 29. Qe8+ Kh7 30. Rf3) 28. Qh7+ Kf8 29. Nxe6+) (25... Bg7 {Petursson}
26. Rd6 $16) 26. Rxg6+ fxg6 27. Qxg6+ Bg7 (27... Kh8 {Petursson} 28. Ng5 Rb7
29. Rf3 Qe1+ 30. Kh2 Rxg2+ 31. Kxg2 Rb2+ 32. Kh3 Qh1+ 33. Kg4 Rg2+ 34. Kf5
Rxg5+ 35. Qxg5 Qxf3 36. Kg6 $18) 28. Ng5 Ra1 29. Qh7+ Kf8 30. Ne6+ Ke8 31. Qg6+
Kd7 32. Nc5+ Kc7 33. Qd6+ 1-0